| 000 -ლიდერი |
| ფიქსირებული სიგრძის საკონტროლო ველი |
01227nam a22002417a 4500 |
| 003 - საკონტროლო ნომრის იდენტიფიკატორი |
| საკონტროლო ველი |
Ge_BSU |
| 005 - ბოლო ოპერაციის თარიღი და დრო |
| საკონტროლო ველი |
20250320144305.0 |
| 008 - ფიქსირებული სიგრძის მონაცემთა ელემენტები - ზოგადი ინფორმაცია |
| ფიქსირებული სიგრძის საკონტროლო ველი |
250320s2007 ge ||||| |||| 00| 0 geo d |
| 020 ## - წიგნის საერთაშორისო სტანდარტული ნომერი |
| International Standard Book Number |
9789994090723 |
| 041 ## - ენის კოდი |
| Language code of text/sound track or separate title |
geo |
| 080 ## - უნივერსალური ათობითი კლასიფიკაციის ინდექსი |
| Universal Decimal Classification number |
618 (075.8) გ-50 |
| 245 ## - ცნობა სათაურის შესახებ |
| Title |
გინეკოლოგია / |
| Statement of responsibility, etc |
[ლ.ნ. ვასილევსკაია, ვ.ი. გრიშჩენკო, ნ.ვ. კობზევა და სხვ.]; ლ.ნ. ვასილევსკაიას რედ. ; თარგმანის რედ. ომარ ჭანიშვილი. |
| 250 ## - გამოცემის ცნობა |
| Edition statement |
მე-3 გადამუშ. გამოცემა |
| 264 ## - წარმოების, გამოცემის, დისტრიბუციის და სხვა ცნობები |
| გამოცემის, წარმოების, დისტრიბუციის... ადგილი |
თბ. : |
| გამოცემის, წარმოების, დისტრიბუციის... სახელწოდება |
მთაწმინდელი, |
| გამოცემის, წარმოების, დისტრიბუციის... თარიღი |
2007. |
| 300 ## - ფიზიკური აღწერა |
| Extent |
392 გვ. : |
| Other physical details |
სურ. ; |
| Dimensions |
21 სმ. |
| 490 ## - სერიის ცნობა |
| Series statement |
სასწავლო ლიტერატურა |
| 653 ## - INDEX TERM--UNCONTROLLED |
| Uncontrolled term |
გინეკოლოგია |
| 653 ## - INDEX TERM--UNCONTROLLED |
| Uncontrolled term |
მედიცინა |
| 700 ## - ADDED ENTRY--PERSONAL NAME |
| Personal name |
ვასილევსკაია, ლ.ნ. |
| Relator term |
რედაქტორი, ავტორი |
| 9 (RLIN) |
24641 |
| 700 ## - ADDED ENTRY--PERSONAL NAME |
| Personal name |
გრიშჩენკო, ვ.ი. |
| 9 (RLIN) |
24642 |
| 700 ## - ADDED ENTRY--PERSONAL NAME |
| Personal name |
კობზევა ნ.ვ. და სხვ. |
| 9 (RLIN) |
24643 |
| 942 ## - ADDED ENTRY ELEMENTS (KOHA) |
| Source of classification or shelving scheme |
|
| Koha item type |
წიგნი |